书目信息 |
| 题名: |
剑桥艺术史
|
|
| 作者: | 伍德福德·苏珊 著 ;钱乘旦 译 | |
| 分册: | ||
| 出版信息: | 南京 译林出版社 2009 |
|
| 页数: | 152页 | |
| 开本: | 24cm | |
| 丛书名: | ||
| 单 册: | ||
| 中图分类: | J110.9 | |
| 科图分类: | ||
| 主题词: | 艺术史--西方国家 , 艺术史--古希腊 , 艺术史--古罗马 , 艺术史 | |
| 电子资源: | ||
| ISBN: | 978-7-5447-0729-9 | |
| 000 | 01226nam0 22003011 45 | |
| 001 | 1256803625 | |
| 005 | 20120627085724.60 | |
| 010 | @a978-7-5447-0729-9@dCNY25.00 | |
| 100 | @a20120626d2009 em y0chiy50 ea | |
| 101 | 1 | @achi@ceng |
| 102 | @aCN@b320000 | |
| 105 | @aab z 001yy | |
| 106 | @ar | |
| 200 | 1 | @a剑桥艺术史@AJian Qiao Yi Shu Shi@e古希腊罗马艺术@EGu Xi La Luo Ma Yi Shu@d= Cambridge introduction to art@eThe art of Greece and Rome@f(英)苏珊·伍德福德(Susan Woodford)著@F( Ying ) Su Shan· Wu De Fu De (Susan Woodford) Zhu@g钱乘旦译@zeng |
| 210 | @a南京@c译林出版社@d2009 | |
| 215 | @a152页@c地图, 图@d24cm | |
| 330 | @a本书苏珊·伍德福德考察了古希腊罗马视觉艺术的方方面面,完整呈现了古典艺术和建筑的辉煌成就。 | |
| 510 | 1 | @aCambridge introduction to art@eThe art of Greece and Rome@zeng |
| 517 | 1 | @a古希腊罗马艺术@AGu Xi La Luo Ma Yi Shu |
| 606 | 0 | @a艺术史@y西方国家 |
| 606 | 0 | @a艺术史@y古希腊 |
| 606 | 0 | @a艺术史@y古罗马 |
| 606 | 0 | @a艺术史 |
| 690 | @aJ110.9@v4 | |
| 701 | 0 | @c(英)@a伍德福德·苏珊@AWu De Fu De· Su Shan@c(Woodford, Susan)@4著 |
| 702 | 0 | @a钱乘旦@AQian Cheng Dan@4译 |
| 801 | 0 | @aCN@b大连网信软件有限公司图书馆·11@c20120627 |
| 905 | @b0819261-64@dJ110.9@e109:1@f4 | |
| 剑桥艺术史:古希腊罗马艺术= Cambridge introduction to art:The art of Greece and Rome/(英)苏珊·伍德福德(Susan Woodford)著/钱乘旦译.-南京:译林出版社,2009 |
| 152页:地图, 图;24cm |
| ISBN 978-7-5447-0729-9:CNY25.00 |
| 本书苏珊·伍德福德考察了古希腊罗马视觉艺术的方方面面,完整呈现了古典艺术和建筑的辉煌成就。 |
| ● |
| 相关链接 |
|
|
|
|
正题名:剑桥艺术史
索取号:J110.9/109:1
 
预约/预借
| 序号 | 登录号 | 条形码 | 馆藏地/架位号 | 状态 | 备注 |
| 1 | 0819261 | 208192613 | 第一样本阅览室/ [索取号:J110.9/109:1] | 在馆 | |
| 2 | 0819262 | 208192622 | 第一借阅区/ [索取号:J110.9/109:1] | 在馆 | |
| 3 | 0819263 | 208192631 | 第一借阅区/ [索取号:J110.9/109:1] | 在馆 | |
| 4 | 0819264 | 208192640 | 第一借阅区/ [索取号:J110.9/109:1] | 在馆 |